Broadcast announcing and performance (Record no. 39380)

MARC details
000 -LEADER
fixed length control field 00399nam a2200169Ia 4500
050 ## - CALL MARK
Classification number PN 1991.8.A6 .U33/
100 ## - STATEMENT OF RESPONSIBILITY--MAIN AUTHOR NAME
Personal name Ugande, Gabriel
245 #0 - TITLE STATEMENT
Title Broadcast announcing and performance
260 ## - PUBLICATION, DISTRIBUTION, ETC. (IMPRINT)
Place of publication Ibadan
260 ## - PUBLICATION, DISTRIBUTION, ETC. (IMPRINT)
Name of publisher Vast publisher
260 ## - PUBLICATION, DISTRIBUTION, ETC. (IMPRINT)
Year of publication 2016
300 ## - PHYSICAL DESCRIPTION
Number of Pages 136 p
650 ## - SUBJECT ADDED ENTRY--TOPICAL TERM
Topical Term Ibadan
942 ## - ADDED ENTRY ELEMENTS (KOHA)
Koha item type Books
Holdings
Withdrawn status Lost status Source of classification or shelving scheme Damaged status Not for loan Permanent Location Current Location Date acquired Accession Number Price effective from Koha item type
    Library of Congress Classification     NILE UNIVERSITY OF NIGERIA - MAIN LIBRARY NILE UNIVERSITY OF NIGERIA - MAIN LIBRARY 06/03/2025 0192231 06/03/2025 Books
    Library of Congress Classification     NILE UNIVERSITY OF NIGERIA - MAIN LIBRARY NILE UNIVERSITY OF NIGERIA - MAIN LIBRARY 06/03/2025 0192234 06/03/2025 Books
    Library of Congress Classification     NILE UNIVERSITY OF NIGERIA - MAIN LIBRARY NILE UNIVERSITY OF NIGERIA - MAIN LIBRARY 06/03/2025 0192235 06/03/2025 Books